000 00296nam a2200121Ia 4500
005 20251222153525.0
008 251222s9999||||xx |||||||||||||| ||spa||
020 _a84-7758-281-5
082 _aREF.912/C64
245 0 _aAtlas del mundo:
264 _bClub Internacional del Libro,
942 _cLIB
999 _c29872
_d29872